MARKETING MANAGEMENT: INDIAN CASES (Record no. 14312)

MARC details
000 -LEADER
fixed length control field 00257nam a22001217a 4500
003 - CONTROL NUMBER IDENTIFIER
control field SGT
020 ## - INTERNATIONAL STANDARD BOOK NUMBER
International Standard Book Number 658.8
082 ## - DEWEY DECIMAL CLASSIFICATION NUMBER
Classification number GUP
100 ## - MAIN ENTRY--PERSONAL NAME
Personal name GUPTA, PRACHI
245 ## - TITLE STATEMENT
Title MARKETING MANAGEMENT: INDIAN CASES
260 ## - PUBLICATION, DISTRIBUTION, ETC. (IMPRINT)
Place of publication, distribution, etc PEARSON INDIA
Year of Publication 2018
942 ## - ADDED ENTRY ELEMENTS (KOHA)
Source of classification or shelving scheme Dewey Decimal Classification
Koha item type Books
942 ## - ADDED ENTRY ELEMENTS (KOHA)
-- 7
Holdings
Withdrawn status Lost status Source of classification or shelving scheme Damaged status Not for loan Collection code Home library Current library Shelving location Date acquired Vendor Name SGTU Bill Number Total Checkouts Full call number Accession No. (Barcode) Date last seen Date last borrowed Bill Date Koha item type
    Dewey Decimal Classification     COMMERCE MANAGEMENT SGT Science & Social Sciences Library SGT Science & Social Sciences Library Text Book 27/12/2017 AHUJA BOOKS SGTU 9088 5 GUP CM4023 10/04/2024 27/03/2024   Books
    Dewey Decimal Classification     COMMERCE MANAGEMENT SGT Science & Social Sciences Library SGT Science & Social Sciences Library Text Book 27/12/2017 AHUJA BOOKS SGTU 9088 1 GUP CM4024 21/09/2021 02/09/2021   Books
    Dewey Decimal Classification     COMMERCE MANAGEMENT SGT Science & Social Sciences Library SGT Science & Social Sciences Library Text Book 27/12/2017 AHUJA BOOKS SGTU 9088 6 GUP CM4025 29/11/2021 15/11/2021   Books
    Dewey Decimal Classification     COMMERCE MANAGEMENT SGT Science & Social Sciences Library SGT Science & Social Sciences Library Text Book 27/12/2017 AHUJA BOOKS SGTU 9088 6 GUP CM4026 28/09/2021 09/09/2021   Books
    Dewey Decimal Classification     COMMERCE MANAGEMENT SGT Science & Social Sciences Library SGT Science & Social Sciences Library Text Book 27/12/2017 AHUJA BOOKS SGTU 9088 1 GUP CM4027 11/03/2019 25/02/2019   Books